joueur de foot par poste/pays/club - Statistiques

Statistiques générales
  • Ce quiz a été pris 506 fois
  • Le résultat moyen est 8 sur 17
Statistiques - réponses
Poste Club Pays Réponse % Correct
BU Paris saint-germain français Mbappe
99%
BU dortmund norvège Haaland
98%
G chelsea espagnol Kepa
72%
AD Paris saint-germain argentine Di maría
68%
BU everton brésil Richarlison
58%
DC nantes français Pallois
51%
MC manchester united pays-bas Van de beek
44%
G Barcelone brésil Neto
39%
DG arsenal ecosse Tierney
39%
MDC milan croatie Brozovic
38%
DC lens argentine Medina
33%
AG porto colombie Díaz
32%
AD leeds pays de galles James
29%
DC latium italie Acerbi
21%
G benefica grèce Vlachodimos
21%
DD west ham angleterre Fredericks
6%
MOC bruges danemark Olsen
4%
Aucun quiz correspondant
Distribution des résultats
% des personnes avec chaque résultat
Percentile par nombre de réponses
Votre historique - résultats
Vous n’avez pas pris ce quiz